| 000 | 00596cam a22002051i 4500 | ||
|---|---|---|---|
| 001 | ne 68002519 | ||
| 003 | DLC | ||
| 005 | 20260227111843.0 | ||
| 008 | 801023s1966 le 000 0 arar | ||
| 010 | _ane 68002519 | ||
| 035 | _a(OCoLC)6852693 | ||
| 040 |
_aDLC _cMnM _dDLC |
||
| 042 | _apremarc | ||
| 050 | 0 | 0 |
_aDS79.6.S5 _bA3 |
| 100 | 1 |
_aShaykh ʻAlī, ʻAlī Maḥmūd, _d1901-1968. |
|
| 245 | 1 | 0 |
_aMuḥākamatunā al-wijāhīyah / _cʻAlī Maḥmūd al-Shaykh ʻAlī. |
| 260 |
_aSayda : _bDār al-Maktabah al-Aṣriyah, _c1966. |
||
| 300 |
_a222 p. ; _c24 cm. |
||
| 651 | 0 |
_aIraq _xHistory. |
|
| 999 |
_c50541 _d50541 |
||